| 000 | 03113nam0a2200457 4500 | ||
|---|---|---|---|
| 001 | RU\NLR\BIBL_A\011262276 | ||
| 005 | 20250626034251.0 | ||
| 020 |
_aRU _9От Февраля к Октябрю: коллекция листовок/Рос. нац. б-ка |
||
| 035 | _a(NLR Aleph) 011262276 | ||
| 090 |
_a12222731 _c12222731 |
||
| 100 | _a20161103j19170327|||y0rusy50 ca | ||
| 101 | 0 | _arus | |
| 102 | _aRU | ||
| 105 | _ay z 000yy | ||
| 135 | _acrcn 024apada | ||
| 200 | 1 |
_aСлужащим и рабочим 4 участка. Телеграмма. Почтой. Всем начальникам участков линий Гришино-Ровно и Цветково-Жашков _e[листовка] |
|
| 210 |
_aЗолотоноша [Полтавская губ.] _cТипография Гольденберг _d1917, 27 марта |
||
| 215 |
_a[1] л. _d36х22 |
||
| 300 | _aТекст на обеих сторонах листа | ||
| 300 | _aПодпись: Железнодорожная комиссия Исполнительного комитета Совета рабочих и солдатских депутатов. Розанов. С подлинным верно: Правитель дел В. Апохалов | ||
| 300 | _aКоллекция листовок "От Февраля к Октябрю" (1 экз.) | ||
| 325 | 1 | _aКопия доступна в Электронной библиотеке РНБ | |
| 327 | 1 | _aО соблюдении порядка и дисциплины на железных дорогах | |
| 517 | 1 | _aТелеграмма. Почтой. Всем начальникам участков линий Гришино-Ровно и Цветково-Жашков | |
| 517 | 1 | _aВсем начальникам участков линий Гришино-Ровно и Цветково-Жашков | |
| 540 | 1 | _aО соблюдении порядка и дисциплины на железных дорогах | |
| 540 | 1 |
_aОт Февраля к Октябрю _eлистовки |
|
| 607 |
_aРоссия _jЛистовки _xИстория _z1917 _92250871 _3RU\NLR\AUTH\661350120 |
||
| 686 | 0 | _aТ3(2)524.2,011 | |
| 686 | 0 | _aТ3(2)711.19-2,011 | |
| 702 | 1 |
_4720 _7ca _8rus _aРозанов _bВ. А. _cинженер путей сообщения _gВиктор Александрович _9165616 _3RU\NLR\AUTH\770165663 |
|
| 702 | 1 |
_4720 _7ca _8rus _aАпохалов _bВ. _cделопроизводитель _9165620 _3RU\NLR\AUTH\770165667 |
|
| 712 | 0 | 2 |
_4570 _aЗолотоношский Совет рабочих и солдатских депутатов _bИсполнительный комитет _bЖелезнодорожная комиссия _9537255 _3RU\NLR\AUTH\880436477 |
| 852 | 0 | 0 |
_aNLR _bФл _jXII/26 |
| 942 | _cBOOK | ||
| 980 | _aNB | ||
| 981 | 4 | 2 |
_a(42) 1917: от Февраля к Октябрю _b(42) Листовки 1917 года |